| 000 | 00475nam a2200169Ia 4500 | ||
|---|---|---|---|
| 008 | 260520s2025 xx 000 0 und d | ||
| 020 | _a978-93-86625-52-6 | ||
| 041 | _amar | ||
| 082 | _a333.7/GOD | ||
| 100 | _aगोडबोले, अच्युत | ||
| 245 | _aअनर्थ | ||
| 250 | _a8th ed | ||
| 260 |
_aपुणे _bबुकगंगा पब्लिकेशन्स _c2025 |
||
| 300 | _a512p. | ||
| 500 | _aCat No: 15182 | ||
| 650 | _aECONOMICS | ||
| 999 |
_c1221908 _d1221908 |
||